Τραγούδι για το Ζαχαριάδη
Αποθηκεύτηκε σε:
| Κύριος συγγραφέας: | |
|---|---|
| Μορφή: | Βιβλίο |
| Γλώσσα: | Greek |
| Δημοσίευση: |
[χ.τ.] :
Πολιτικές και λογοτεχνικές εκδόσεις,
1953.
|
| Θέματα: | |
| Ετικέτες: |
Προσθήκη ετικέτας
Δεν υπάρχουν, Καταχωρήστε ετικέτα πρώτοι!
|
MARC
| LEADER | 00000cam a2200000 a 4500 | ||
|---|---|---|---|
| 001 | 1/114186 | ||
| 008 | 170530s1953####xx | ||| |||| ||gre|| | ||
| 040 | |a GR-MyUa |b gre |c GR-MyUa |e AACR2 | ||
| 041 | 1 | |a gre | |
| 082 | 7 | |a 889.1 |2 (23) | |
| 100 | 1 | |a Πιερίδης, Θ. | |
| 245 | 1 | 0 | |a Τραγούδι για το Ζαχαριάδη / |c Θ. Πιερίδη. |
| 260 | |a [χ.τ.] : |b Πολιτικές και λογοτεχνικές εκδόσεις, |c 1953. | ||
| 300 | |a 25 σ. ; |c 25 εκ. | ||
| 506 | 1 | |a Μόνο για ανάγνωση. Βρίσκεται σε ειδικό ράφι. Διαθέσιμο εάν ζητηθεί. | |
| 650 | 0 | |a Guerrillas |x Songs and music. | |
| 650 | 1 | 0 | |a Songs, Greek. |
| 852 | |a INST |b LESVOS |e 20170530 |h 889.1 ΠΙΕ |p 005100059522 |q 005100059522 |t BK |y 0 | ||
| 970 | |a Τζαφέρη |b Ευαγγελία |z 30-05-2017 | ||